000 00699nas a2200253 4500
001 BR8706657
003 BR-BrBNA
005 20231205090902.0
007 ta
008 230509b bl.|||p| |||| 00| 00por d
040 _aBR-BrBNA
_bpor
_cBiblioteca Nacional de Agricultura
041 _a(Pt)
072 _aF07; F06
100 1 _aKoepke, U.
100 1 _aGutbrod, K.G.
245 1 _aArroz irrigado; terracos patamares
650 _aTERRACO
650 _aERVA DANINHA
650 _aHERBICIDA
650 _aARROZ IRRIGADO
773 0 _tBoletim do Provarzeas e Profir (Brazil)
_x
_g(Jun 1985), v. 4(40) p. 9-10
_wBR8706657
909 _a202311
_bLúcia
_c55
_dLúcia Elande
942 _2AGRIS
_n0
_cANA
999 _c121437
_d121437